00860nam a2200181 a 4500008004100000050002200041100002800063245014000091260004000231300001800271500002400289650004600313650003600359650003900395995010400434999001700538952012300555170817s2016 ||||||||||||||||| || u aCBU-PG THESIS/BOM aBoma, Catherine Kalunga10aManagement of household solid waste in Kitwe: a case of Nkana East, Misenshi-Mindolo and Chimwemwe Townshipscby Catherine Kalunga Boma aKitwe:bCopperbelt Universityc2016 ax, 68p.: ill. aIncludes References aREFUSE AND REFUSE DISPOSAL--KITWE--ZAMBIA aWASTE MANAGEMENT--KITWE--ZAMBIA aREFUSE AND REFUSE DISPOSAL--ZAMBIA FCBU-MAIN LIBRARY (Kitwe)M1UAVAILABLEWAug 17, 2017XCopperbelt University ZUniversity Collection c49967d49967 00102lcc4070a001b001cUniversity Collectiond2022-11-30l0oCBU-PG THESIS/BOMpB3385r2022-11-30w2022-11-30y002